1483 1681 1693 1290 1488 1022 1324 1643 1226 1288 1855 1939 1571 1387 1153 1909 1610 1585 1077 1977 1769 1573 1326 1408 1418 1802 1280 1147 1854 1006 1731 1644 1504 1643 1104 1146 1620 1967 1935 1499 1070 1627 1039 1202 1308 1902 1123 1379 1774 1207 1642 1751 1072 1208 1091 1360 1007 1513 1761 1941 1925 1107 1387 1674 1509 1039 1234 1413 1507 1314 1328 1761 1662 1382 1990 1492 1165 1962 1086 1713 1517 1747 1542 1058 1781 1649 1047 1445 1683 1133 1150 1587 1225 1868 1183 1908 1333 1451 1815 BCNSPRNW ULIB Ver.6.0+V

เปลี่ยนเป็นภาษาไทย

Change to English
 แสดงรายละเอียดบรรณานุกรม
  กลับหน้าหลัก

Brief Record : Get Marc (ISO 2709) : E-mail record : QR code < ปิดหน้าต่าง
LEADER : 00000nam 2200000uu 4500
001    13399114059
003     ULIB
008    110824s||||||||th 000 0 tha d
020    9786117097010
090    นว.^bพ969ล 2552
100 0  ไพฑูร
245 00 ลิขิตรัก...ข้ามภพ/^cไพฑูร
250    พิมพ์ครั้งที่ 1
260    กรุงเทพฯ :^bSimpy Book,^c2552
300    219 หน้า
710 1  Simpy Book
945    ^p175^l0^i026484
995    ทศพร
999     ^aใช้งานได้ทุกระบบ
รายการนี้ยังไม่มีแท็ก
คุณยังไม่ได้ล็อกอิน คุณสามารถมีกิจกรรมร่วมกับเว็บไซต์ได้ แต่ต้องล็อกอินก่อน ::
  ล็อกอิน

รายการสื่อสารสนเทศ

ลำดับที่ ประเภท เลขเรียก/บาร์โค้ด สถานที่ สถานะ
1. นวนิยาย
นวนิยาย
นว. พ969ล 2552 ฉ.1 
  Barcode: 026484
ห้องสมุดวิทยาเขตสวรรค์ประชารักษ์
►นวนิยาย
บนชั้น
  ขอยืม

รายการใกล้เคียง
    ผู้แต่ง [ไพฑูร]

BibComment


ยังไม่เคยถูกคอมเมนท์

คอมเมนท์ทรัพยากรรายการนี้
  คอมเมนท์: ลิขิตรักข้ามภพ ไพ..


 Copyright 2026. Bcnsprnw @Library